Normal view
MARC view
- Dr. Jameel Jalibi
Entry Personal Name
001 - CONTROL NUMBER
- control field: 28514
003 - CONTROL NUMBER IDENTIFIER
- control field: NUST
005 - DATE AND TIME OF LATEST TRANSACTION
- control field: 20200218113822.0
008 - FIXED-LENGTH DATA ELEMENTS
- fixed length control field: 200218|| aca||aabn | a|a d
040 ## - CATALOGING SOURCE
- Original cataloging agency: NUST
- Transcribing agency: NUST
100 ## - HEADING--PERSONAL NAME
- Personal name: Dr. Jameel Jalibi
670 ## - SOURCE DATA FOUND
- Source citation: Work cat.: (NUST): Dr. Jameel Jalibi, Arastu Se Elliot Tak, c2008
